000 00749nam a2200145 a 4500
008 120416s9999 xx |||||||||||||| || u
050 _aTX 960 Urb
100 _aBasile, Anne
245 1 0 _aUrban public housing management
246 _athe French experience
350 _a0.00
995 _aANNEX COLLECTION (Main Library)
_D0.00
_e017240
_FCBU-MAIN LIBRARY (Kitwe)
_H3
_I100.00
_jTX 960 Urb
_UAVAILABLE
_y017240
_ZAnnex Low-Usage Collection
995 _aANNEX COLLECTION (Main Library)
_D0.00
_e017241
_FCBU-MAIN LIBRARY (Kitwe)
_H2
_I100.00
_jTX 960 Urb
_UAVAILABLE
_y017241
_ZAnnex Low-Usage Collection
995 _aMAIN LIBRARY OPEN ACCESS
_D0.00
_e017242
_FCBU-MAIN LIBRARY (Kitwe)
_H1
_I100.00
_jTX 960 Urb
_UAVAILABLE
_y017242
_ZMain Library Open Access Collection
999 _c78580
_d78580